[Event "CGC KO 2022"]
[Site "chess.com INT"]
[Date "2022.09.14"]
[Round "1.3"]
[White "Ding, Liren"]
[Black "Le, Tuan Minh"]
[Result "1/2-1/2"]
[WhiteTitle "GM"]
[BlackTitle "IM"]
[WhiteElo "2808"]
[BlackElo "2542"]
[WhiteFideId "8603677"]
[BlackFideId "12401153"]
[EventDate "2022.09.14"]
[EventType "k.o."]

1. c4 c6 2. Nf3 Nf6 3. d4 d5 4. e3 Bf5 5. Nc3 e6 6. Nh4 Be4 7. f3 Bg6 8. Bd2 Be7
9. Nxg6 hxg6 10. Qc2 a6 11. O-O-O dxc4 12. Bxc4 b5 13. Be2 Nbd7 14. e4 c5 15. d5
exd5 16. Nxd5 Nxd5 17. exd5 Nf6 18. Bg5 Qd6 19. g3 Rd8 20. Kb1 c4 21. h4 Qc5 22.
f4 Rxd5 23. Rde1 O-O 24. h5 gxh5 25. Bxh5 Rfd8 26. Rh2 Qb4 27. Reh1 Nxh5 28.
Rxh5 f6 29. Qe2 Kf7 30. f5 Qd6 31. Bc1 Re5 32. Qg4 Qd3+ 33. Ka1 Bf8 34. Qg6+ Ke7
35. Rh7 Qxf5 36. Rxg7+ Bxg7 37. Qxg7+ Ke6 38. Rh7 Qxh7 39. Qxh7 Re1 40. Qh3+ Ke7
41. Qh7+ Ke6 42. Qh3+ Ke5 43. Qh5+ f5 44. Kb1 Rdd1 45. Qe8+ Kd5 46. Qd7+ Ke4 47.
Qc6+ Ke5 48. Qc5+ Ke6 49. Qc8+ Kd6 50. Qd8+ Ke5 51. Qc7+ Ke4 52. Qc6+ Ke5 53.
Qc7+ Ke6 54. Qc6+ Ke5 1/2-1/2

[Event "CGC KO 2022"]
[Site "chess.com INT"]
[Date "2022.09.17"]
[Round "1.3"]
[White "Dominguez Perez, Leinier"]
[Black "Chigaev, Maksim"]
[Result "1-0"]
[WhiteTitle "GM"]
[BlackTitle "GM"]
[WhiteElo "2745"]
[BlackElo "2641"]
[WhiteFideId "3503240"]
[BlackFideId "4108116"]
[EventDate "2022.09.14"]
[EventType "k.o."]

1. e4 c5 2. Nf3 d6 3. d4 cxd4 4. Nxd4 Nf6 5. Nc3 a6 6. Be3 e6 7. a3 h5 8. f4 b5
9. Bd3 Bb7 10. Qe2 Nbd7 11. Nxe6 fxe6 12. e5 Be7 13. Bg6+ Kf8 14. exf6 Bxf6 15.
O-O h4 16. h3 Bxc3 17. bxc3 Qf6 18. Qg4 Rh6 19. f5 Ne5 20. Qe2 Ke7 21. Bxh6 gxh6
22. Qf2 exf5 23. Qb6 Be4 24. Bxf5 1-0

[Event "CGC KO 2022"]
[Site "chess.com INT"]
[Date "2022.09.17"]
[Round "1.3"]
[White "Duda, Jan-Krzysztof"]
[Black "Mitrabha, Guha"]
[Result "1-0"]
[WhiteTitle "GM"]
[BlackTitle "GM"]
[WhiteElo "2731"]
[BlackElo "2471"]
[WhiteFideId "1170546"]
[BlackFideId "5057000"]
[EventDate "2022.09.14"]
[EventType "k.o."]

1. e4 c6 2. Nf3 d5 3. d3 Nd7 4. Nc3 Ngf6 5. e5 d4 6. exf6 dxc3 7. fxg7 Bxg7 8.
b3 Nf6 9. Be2 O-O 10. O-O Nd5 11. Re1 a5 12. a3 b5 13. Bg5 Re8 14. Qc1 Qd6 15.
g3 c5 16. a4 bxa4 17. Rxa4 Nb4 18. Nh4 Bd7 19. Bf3 Rab8 20. Rxa5 Rb6 21. Bf4 e5
22. Be3 Rc8 23. Be4 Ra6 24. Nf5 Bxf5 25. Rxa6 Qxa6 26. Bxf5 Rc7 27. Qd1 Qa2 28.
d4 cxd4 29. Bxd4 Qa5 30. Qh5 h6 31. Rxe5 Qa1+ 32. Kg2 Qa8+ 33. Be4 Nc6 34. Qf5 1-0

[Event "CGC KO 2022"]
[Site "chess.com INT"]
[Date "2022.09.16"]
[Round "1.3"]
[White "Erigaisi, Arjun"]
[Black "Paravyan, David"]
[Result "1/2-1/2"]
[WhiteTitle "GM"]
[BlackTitle "GM"]
[WhiteElo "2725"]
[BlackElo "2592"]
[WhiteFideId "35009192"]
[BlackFideId "4194985"]
[EventDate "2022.09.14"]
[EventType "k.o."]

1. e4 e5 2. Nf3 Nf6 3. d4 Nxe4 4. Bd3 d5 5. Nxe5 Bd6 6. O-O O-O 7. c4 Bxe5 8.
dxe5 Nc6 9. f3 Nc5 10. cxd5 Nxd3 11. Qxd3 Nb4 12. Qb3 Nxd5 13. Rd1 Be6 14. Qxb7
Qe7 15. Nc3 Qc5+ 16. Kh1 Rab8 17. Qa6 Nxc3 18. bxc3 Qxc3 19. Bd2 Qb2 20. Qxa7
Rb7 21. Qc5 Rfb8 22. Qc3 Bxa2 23. h3 Be6 24. Qxb2 Rxb2 25. Rac1 Bb3 26. Bc3 Bxd1
27. Bxb2 Bxf3 28. gxf3 Rxb2 29. Rxc7 g6 30. Rc4 Re2 31. f4 Kf8 32. Kg1 Ke7 33.
Rc7+ Ke6 34. Rc6+ Kd7 35. Rc4 Ra2 36. Rd4+ Ke6 37. Rd6+ Ke7 38. Rd4 h6 39. Rb4
Ke6 40. Rb6+ Ke7 41. Rb7+ Kf8 42. Rb8+ Kg7 43. Rb7 Ra4 44. e6 Rxf4 45. Kg2 Rf6
46. exf7 Rxf7 47. Rb6 Rf6 48. Rb7+ Rf7 49. Rb6 Ra7 50. h4 Ra2+ 51. Kg3 Ra3+ 52.
Kg2 Rd3 53. Ra6 Rd5 54. Kg3 Kf7 55. Rb6 Re5 56. Kf4 Re6 57. Rb7+ Kf6 58. Rb4 Ra6
59. Rc4 Ke6 60. Re4+ Kd5 61. Re8 Rf6+ 62. Kg4 Re6 63. Rh8 Re4+ 64. Kh3 Re3+ 65.
Kg2 h5 66. Rg8 Re6 67. Kg3 Ke4 68. Ra8 Rd6 69. Re8+ Kf5 70. Rf8+ Ke5 71. Re8+
Re6 72. Ra8 Kf6 73. Kf4 Rc6 74. Ra3 Rc1 75. Kg3 Rd1 76. Ra6+ Kf5 77. Ra5+ Ke4
78. Ra4+ Ke5 79. Ra5+ Kf6 80. Ra6+ Kg7 81. Ra7+ Kh6 82. Ra3 Re1 83. Rb3 Kg7 84.
Rb7+ Kf6 85. Rb6+ Kf5 86. Rb5+ Re5 87. Rb3 Rd5 88. Kf3 Rd1 89. Rb5+ Kf6 90. Rb6+
Kf7 91. Rb7+ Ke6 92. Rb6+ Rd6 93. Rb4 Rd3+ 94. Kg2 Ke5 95. Rb6 Rd6 96. Rb4 Rd4
97. Rb5+ Kf4 98. Rg5 Rd2+ 99. Kh3 Rd3+ 100. Kh2 Rd6 101. Kh3 Re6 102. Kh2 Kf3
103. Kh3 Ke4 104. Kh2 Rc6 105. Kh3 Kf3 106. Kh2 Rc4 107. Rg3+ Kf2 108. Rg2+ Kf1
109. Rg1+ Ke2 110. Rg2+ Kf3 111. Rg3+ Kf4 112. Rxg6 Rc2+ 113. Kh3 Rc1 114. Rf6+
Ke4 115. Re6+ Kf3 116. Rf6+ Ke4 117. Re6+ Kf5 118. Re8 Rc3+ 119. Kg2 Kf4 120.
Ra8 Rc4 121. Rg8 Rc2+ 122. Kh3 Rc1 123. Kh2 Kf3 124. Rg3+ Kf2 125. Rg2+ Kf3 126.
Rg3+ Kf2 127. Rg2+ Kf3 128. Rg3+ 1/2-1/2

[Event "CGC KO 2022"]
[Site "chess.com INT"]
[Date "2022.09.14"]
[Round "1.3"]
[White "Esipenko, Andrey"]
[Black "Amin, Bassem"]
[Result "1-0"]
[WhiteTitle "GM"]
[BlackTitle "GM"]
[WhiteElo "2678"]
[BlackElo "2663"]
[WhiteFideId "24175439"]
[BlackFideId "10601457"]
[EventDate "2022.09.14"]
[EventType "k.o."]

1. e4 e5 2. Nf3 Nc6 3. Bc4 Nf6 4. d3 h6 5. O-O d6 6. a4 g6 7. a5 Bg7 8. Nc3 O-O
9. h3 Be6 10. Be3 d5 11. exd5 Nxd5 12. Nxd5 Bxd5 13. Nd2 Bxc4 14. Nxc4 Qd5 15.
Bd2 f5 16. Bc3 Rad8 17. Re1 e4 18. Bxg7 Kxg7 19. Ra3 exd3 20. Qxd3 Qxd3 21. cxd3
Nd4 22. Rc3 Nb5 23. Rb3 a6 24. Na3 c6 25. Nxb5 axb5 26. Ra3 Rd6 27. a6 bxa6 28.
Rxa6 Kf6 29. Kf1 Rc8 30. Rd1 Ke5 31. Ke2 Kd4 32. Rc1 Re6+ 33. Kf3 Kxd3 34. b4
Kd4 35. Rc5 h5 36. Ra1 1-0

[Event "CGC KO 2022"]
[Site "chess.com INT"]
[Date "2022.09.15"]
[Round "1.3"]
[White "Fedoseev, Vladimir3"]
[Black "Kamsky, Gata"]
[Result "0-1"]
[WhiteTitle "GM"]
[BlackTitle "GM"]
[WhiteElo "2685"]
[BlackElo "2666"]
[WhiteFideId "24130737"]
[BlackFideId "2000024"]
[EventDate "2022.09.14"]
[EventType "k.o."]

1. Nf3 Nf6 2. g3 d5 3. Bg2 c6 4. O-O Bf5 5. d3 h6 6. c4 dxc4 7. dxc4 Qxd1 8.
Rxd1 Nbd7 9. Nd4 Bh7 10. Na3 e5 11. Nb3 a5 12. Bd2 Bb4 13. Rac1 Ke7 14. Nc2 Bxd2
15. Nxd2 Nc5 16. b3 Rhd8 17. Kf1 Na6 18. Ke1 Nb4 19. Nxb4 axb4 20. Ra1 Ra5 21.
Nf1 Rda8 22. Rd2 Nd7 23. Rb2 Nc5 24. Nd2 g5 25. f3 Rd8 26. g4 f5 27. h3 f4 28.
Bf1 Ne6 29. Bg2 Nd4 30. Kd1 Ra3 31. Bf1 h5 32. gxh5 Nf5 33. Ke1 Ne3 34. Rc1 c5
35. Ne4 Bxe4 36. fxe4 Ra6 37. Kf2 Nd1+ 38. Rxd1 Rxd1 39. Bg2 Rad6 40. h6 Rxh6
41. e3 Rhd6 42. Ke2 Rc1 43. exf4 gxf4 44. Bf3 Rc3 45. Kf2 Rdd3 46. Bg4 Re3 47.
Bf5 Kf6 48. Kg2 Kg5 49. Kh2 Kh4 50. Bg4 f3 0-1

[Event "CGC KO 2022"]
[Site "chess.com INT"]
[Date "2022.09.15"]
[Round "1.3"]
[White "Giri, Anish"]
[Black "Ju, Wenjun"]
[Result "1-0"]
[WhiteTitle "GM"]
[BlackTitle "GM"]
[WhiteElo "2764"]
[BlackElo "2560"]
[WhiteFideId "24116068"]
[BlackFideId "8603006"]
[EventDate "2022.09.14"]
[EventType "k.o."]

1. e4 e5 2. Nf3 Nc6 3. Bc4 Bc5 4. O-O Nf6 5. d3 d6 6. c3 a5 7. Re1 O-O 8. h3 Ba7
9. Nbd2 Ne7 10. d4 Ng6 11. Bd3 Nh5 12. Nf1 Nhf4 13. Ng3 Nxd3 14. Qxd3 Be6 15.
Be3 c6 16. b3 a4 17. c4 Qa5 18. Rad1 b5 19. d5 bxc4 20. bxc4 cxd5 21. cxd5 Bd7
22. Nf5 Bb5 23. Qa3 Bxe3 24. Rxe3 Nf4 25. Qxd6 f6 26. Nxe5 fxe5 27. Qxe5 Rxf5
28. exf5 Nh5 29. d6 Nf6 30. Rb1 Bd7 31. Rb8+ 1-0

[Event "CGC KO 2022"]
[Site "chess.com INT"]
[Date "2022.09.17"]
[Round "1.3"]
[White "Grischuk, Alexander"]
[Black "Bok, Benjamin"]
[Result "1/2-1/2"]
[WhiteTitle "GM"]
[BlackTitle "GM"]
[WhiteElo "2745"]
[BlackElo "2618"]
[WhiteFideId "4126025"]
[BlackFideId "1017063"]
[EventDate "2022.09.14"]
[EventType "k.o."]

1. Nf3 Nf6 2. g3 d5 3. Bg2 c5 4. O-O g6 5. c4 Bg7 6. cxd5 Nxd5 7. d4 cxd4 8.
Nxd4 O-O 9. Nc3 Nxc3 10. bxc3 Nc6 11. Rb1 Nxd4 12. cxd4 Qxd4 13. Be3 Qc4 14. Bd5
Qa6 15. Qb3 Rb8 16. Bf4 e5 17. Be3 Bf5 18. Rbc1 Qxe2 19. Rfe1 Qa6 20. Rc7 Be6
21. Bxe6 Qxe6 22. Bxa7 Qxb3 23. axb3 Rbc8 24. Rxb7 f5 25. Rd1 Rf7 26. Rxf7 Kxf7
27. Rd7+ Kf6 28. b4 Rc1+ 29. Kg2 Rb1 30. Bc5 g5 31. Rb7 Kg6 32. b5 e4 33. b6 Be5
34. Re7 Kf6 35. Rxh7 f4 36. Kh3 Kf5 37. Rf7+ Kg6 38. Rf8 Rb5 39. Rc8 Kf5 40.
Rf8+ Kg6 41. Rc8 Kf5 42. Rf8+ Kg6 1/2-1/2

[Event "CGC KO 2022"]
[Site "chess.com INT"]
[Date "2022.09.14"]
[Round "1.3"]
[White "Kramnik, Vladimir"]
[Black "Melkumyan, Hrant"]
[Result "1-0"]
[WhiteTitle "GM"]
[BlackTitle "GM"]
[WhiteElo "2753"]
[BlackElo "2645"]
[WhiteFideId "4101588"]
[BlackFideId "13302485"]
[EventDate "2022.09.14"]
[EventType "k.o."]

1. e4 c5 2. Nf3 Nc6 3. Bb5 g6 4. O-O Bg7 5. d3 e5 6. a3 Nge7 7. b4 d6 8. bxc5
dxc5 9. Bg5 Qa5 10. Bc4 O-O 11. Qd2 Qd8 12. Nc3 Bg4 13. Nd5 Bxf3 14. gxf3 Qd6
15. Nxe7+ Nxe7 16. Rab1 b6 17. f4 Nc6 18. Bd5 Rae8 19. fxe5 Rxe5 20. Bf4 Nd4 21.
Qd1 Bh6 22. Bxe5 Qxe5 23. c3 Ne6 24. Bxe6 fxe6 25. Qg4 Rf4 26. Qh3 Rf6 27. Qxh6 1-0

[Event "CGC KO 2022"]
[Site "chess.com INT"]
[Date "2022.09.16"]
[Round "1.3"]
[White "Mamedyarov, Shakhriyar"]
[Black "Kovalev, Vladislav"]
[Result "0-1"]
[WhiteTitle "GM"]
[BlackTitle "GM"]
[WhiteElo "2757"]
[BlackElo "2623"]
[WhiteFideId "13401319"]
[BlackFideId "13504398"]
[EventDate "2022.09.14"]
[EventType "k.o."]

1. d4 Nf6 2. c4 e6 3. Nf3 b6 4. g3 Bb7 5. Bg2 Bb4+ 6. Bd2 Bxd2+ 7. Qxd2 O-O 8.
O-O d6 9. Qc2 Be4 10. Qc1 Bb7 11. Qc2 Be4 12. Qc1 Qe7 13. Nc3 Bb7 14. Qc2 c5 15.
Rfd1 Nc6 16. b3 Rfd8 17. Rd2 e5 18. d5 Nd4 19. Qb2 Bc8 20. Re1 a6 21. Nh4 e4 22.
e3 Nf5 23. Nxf5 Bxf5 24. f4 exf3 25. Bxf3 Be4 26. Nxe4 Nxe4 27. Bxe4 Qxe4 28.
Qc2 Re8 29. Qxe4 Rxe4 30. Kf2 b5 31. Kf3 f5 32. Rc2 Kf7 33. Rec1 Rae8 34. Re2
Rb8 35. Rec2 Kf6 36. b4 cxb4 37. c5 Re5 38. cxd6 Rxd5 39. Rc6 a5 40. d7+ Ke7 41.
Rc8 Rb7 42. Rg8 Rbxd7 43. Rxg7+ Ke6 44. Rc6+ R5d6 45. Rxd7 Rxc6 46. Rb7 Rc5 47.
e4 a4 48. exf5+ Kxf5 49. Ke3 b3 50. axb3 axb3 51. Rf7+ Ke5 52. Kd2 b2 53. Rf1
Rc1 54. Rxc1 bxc1=Q+ 55. Kxc1 Ke4 56. Kc2 Kf3 57. Kc3 Kg2 0-1

[Event "CGC KO 2022"]
[Site "chess.com INT"]
[Date "2022.09.15"]
[Round "1.3"]
[White "Navara, David"]
[Black "Adams, Michael"]
[Result "0-1"]
[WhiteTitle "GM"]
[BlackTitle "GM"]
[WhiteElo "2681"]
[BlackElo "2689"]
[WhiteFideId "309095"]
[BlackFideId "400041"]
[EventDate "2022.09.14"]
[EventType "k.o."]

1. e4 e5 2. Nf3 Nc6 3. Bc4 Bc5 4. d3 Nf6 5. O-O d6 6. c3 h6 7. Re1 O-O 8. h3 a5
9. Nbd2 a4 10. Bb5 Bd7 11. Nf1 Ne7 12. Bxd7 Nxd7 13. Ng3 Bb6 14. d4 f5 15. dxe5
Nxe5 16. exf5 Nxf5 17. Qd5+ Kh8 18. Nxe5 dxe5 19. Qxd8 Raxd8 20. Nxf5 Rxf5 21.
Be3 Bxe3 22. Rxe3 Rd2 23. f3 Rxb2 24. Re4 b5 25. a3 Rg5 26. g4 Rg6 27. Rxe5 Rc6
28. Rc1 b4 29. axb4 a3 30. Kf1 a2 31. Ra1 Rxc3 32. Re2 Rcc2 33. Rxc2 Rxc2 0-1

[Event "CGC KO 2022"]
[Site "chess.com INT"]
[Date "2022.09.16"]
[Round "1.3"]
[White "Nepomniachtchi, Ian"]
[Black "Muradli, Mahammad"]
[Result "1/2-1/2"]
[WhiteTitle "GM"]
[BlackTitle "GM"]
[WhiteElo "2792"]
[BlackElo "2555"]
[WhiteFideId "4168119"]
[BlackFideId "13409301"]
[EventDate "2022.09.14"]
[EventType "k.o."]

1. d4 Nf6 2. c4 g6 3. Nc3 Bg7 4. e4 d6 5. Nf3 O-O 6. Be2 e5 7. O-O Nc6 8. d5 Ne7
9. b4 a5 10. bxa5 Ne8 11. a4 f5 12. Ng5 c5 13. Rb1 Rxa5 14. Qb3 Nc7 15. Rd1 h6
16. Ne6 Bxe6 17. dxe6 Nxe6 18. Qxb7 Nd4 19. Bf1 Nec6 20. Be3 Ra7 21. Qb6 Qd7 22.
Qb2 f4 23. Bxd4 exd4 24. Nd5 f3 25. g3 Ne5 26. Qb5 Nc6 27. a5 Rb8 28. Qa4 Rxb1
29. Rxb1 Nxa5 30. Qd1 Qf7 31. Rb6 Be5 32. Qa4 Kg7 33. Rb8 Qd7 34. Qd1 Qf7 35.
Qa4 h5 36. Rb6 h4 37. Qd1 hxg3 38. hxg3 g5 39. Qc1 Qh5 40. Rb8 Nc6 41. Rc8 Ne7
42. Rc7 Rxc7 43. Nxc7 Kf7 44. Qd1 Qg4 45. Bg2 Qxe4 46. Bxf3 Qf5 47. Bg4 Qe4 48.
Bf3 Qh7 49. Bg4 d3 50. Qf3+ Kg8 51. Be6+ Kg7 52. Ne8+ Kh6 53. Qh1+ Kg6 54. Qe4+
Kh6 55. Qh1+ Kg6 56. Qe4+ Kh6 57. Qh1+ 1/2-1/2

[Event "CGC KO 2022"]
[Site "chess.com INT"]
[Date "2022.09.14"]
[Round "1.3"]
[White "Nihal, Sarin"]
[Black "Mamedov, Rauf"]
[Result "1/2-1/2"]
[WhiteTitle "GM"]
[BlackTitle "GM"]
[WhiteElo "2677"]
[BlackElo "2646"]
[WhiteFideId "25092340"]
[BlackFideId "13401653"]
[EventDate "2022.09.14"]
[EventType "k.o."]

1. e4 c5 2. Nf3 Nc6 3. Bb5 g6 4. O-O Bg7 5. c3 Nf6 6. Re1 O-O 7. d4 Qb6 8. Bxc6
dxc6 9. h3 Rd8 10. Qc2 cxd4 11. cxd4 c5 12. dxc5 Qc6 13. Nbd2 Be6 14. Ng5 Rac8
15. Nxe6 Qxe6 16. Nf3 Qc6 17. b4 b6 18. Rb1 bxc5 19. bxc5 Qxc5 20. Qxc5 Rxc5 21.
Rb7 Ra5 22. Rxe7 Rxa2 23. e5 Nd5 24. Rb7 Re8 25. Bd2 h6 26. Rc1 Bf8 27. g3 a5
28. Ra7 a4 29. Ra5 Rd8 30. Rc4 a3 31. Kg2 Rb2 32. Rd4 a2 33. Rda4 Bb4 34. Rxa2
Rxd2 35. Nxd2 Ne3+ 36. fxe3 Bxa5 37. Rxa5 Rxd2+ 38. Kf3 h5 39. Ra6 Kg7 40. h4
Rd1 41. e6 fxe6 42. Rxe6 Rf1+ 43. Kg2 Ra1 44. Kf2 Kf7 45. Rb6 Rc1 46. Rd6 Ra1
47. Rd3 Ke6 48. Kf3 Rf1+ 49. Ke4 Ra1 50. Kf4 Ra5 51. e4 Rb5 52. Ra3 Kf7 53. Ra7+
Kf6 54. Ra6+ Kg7 55. Rd6 Ra5 56. e5 Ra4+ 57. Kf3 Kf7 58. Rf6+ Kg7 59. Rf4 Ra3+
60. Ke4 Rxg3 61. Kd5 Rg4 62. Ke4 Rg1 63. e6 Rg4 64. e7 Rxf4+ 65. Kxf4 Kf7 66.
Kg5 Kxe7 67. Kxg6 Kf8 68. Kxh5 Kg8 69. Kg4 Kh8 70. h5 Kg8 71. Kg5 Kh8 72. h6 Kg8
73. Kg6 Kh8 74. h7 1/2-1/2

[Event "CGC KO 2022"]
[Site "chess.com INT"]
[Date "2022.09.16"]
[Round "1.3"]
[White "Radjabov, Teimour"]
[Black "Hou, Yifan"]
[Result "1-0"]
[WhiteTitle "GM"]
[BlackTitle "GM"]
[WhiteElo "2747"]
[BlackElo "2650"]
[WhiteFideId "13400924"]
[BlackFideId "8602980"]
[EventDate "2022.09.14"]
[EventType "k.o."]

1. Nf3 Nf6 2. c4 b6 3. g3 Bb7 4. Bg2 g6 5. O-O Bg7 6. d4 e6 7. Nc3 Ne4 8. Nxe4
Bxe4 9. Bg5 f6 10. Bf4 O-O 11. Qd2 f5 12. Rfd1 Nc6 13. d5 Na5 14. Rac1 Bxf3 15.
exf3 e5 16. Bg5 Qe8 17. Re1 Nb7 18. Bh6 Bxh6 19. Qxh6 Qe7 20. Rc3 Rae8 21. Rce3
Nd6 22. R3e2 Qf6 23. Qc1 f4 24. Qc3 Nf7 25. c5 d6 26. b4 Kg7 27. Qa3 Ra8 28. Rc2
a5 29. cxb6 cxb6 30. b5 Rae8 31. Rc6 e4 32. fxe4 fxg3 33. hxg3 Ne5 34. Rc7+ Re7
35. Rxe7+ Qxe7 36. f4 Ng4 37. e5 Re8 38. Bf3 Nh6 39. Qc3 Kg8 40. Kg2 Nf5 41. Bg4
Ng7 42. Re2 Qf7 43. Qc6 h5 44. Bd7 Rd8 45. e6 Qe7 46. Qxb6 Rxd7 47. Qxa5 Rd8 48.
b6 Nf5 49. Qc3 Rb8 50. Rc2 Qb7 51. Qf6 Ne3+ 52. Kh3 Nxc2 53. e7 Qd7+ 54. Kh2 Qf5
55. Qxd6 Ne3 56. Qxb8+ Kh7 57. Qh8+ Kxh8 58. e8=Q+ Kg7 59. Qxe3 Qxd5 60. Qe5+
Qxe5 61. fxe5 1-0

[Event "CGC KO 2022"]
[Site "chess.com INT"]
[Date "2022.09.17"]
[Round "1.3"]
[White "Robson, Ray"]
[Black "Ivanchuk, Vasyl"]
[Result "0-1"]
[WhiteTitle "GM"]
[BlackTitle "GM"]
[WhiteElo "2690"]
[BlackElo "2678"]
[WhiteFideId "2023970"]
[BlackFideId "14100010"]
[EventDate "2022.09.14"]
[EventType "k.o."]

1. d4 d5 2. c4 c6 3. Nf3 Nf6 4. e3 Bg4 5. h3 Bxf3 6. Qxf3 e6 7. Nc3 Nbd7 8. Bd3
Bb4 9. O-O O-O 10. Bd2 Re8 11. Qd1 Qe7 12. a3 dxc4 13. Bxc4 Bd6 14. Qc2 e5 15.
Ba2 Rad8 16. Rae1 Bb8 17. Ne2 Nb6 18. Ng3 e4 19. Rc1 Nbd5 20. b4 a6 21. Rb1 h5
22. Rfc1 h4 23. Nf1 Nh7 24. a4 Rd6 25. b5 Rg6 26. Qd1 Ng5 27. Qg4 Nf6 28. Qe2
Nf3+ 29. Kh1 Qd7 30. Nh2 Bxh2 31. bxc6 bxc6 32. Qxa6 Qf5 33. Rb7 Nd5 34. Rxc6
Bd6 35. Qf1 Nxd2 36. Qe1 Nf3 37. Qf1 Rd8 38. Rb5 Bf8 39. Rxg6 Qxg6 40. gxf3 Nc3
41. Rb2 Nxa2 42. Rxa2 exf3 43. a5 Bd6 44. a6 Ra8 45. a7 Kh7 46. Ra5 f6 47. Ra6
Bc7 48. d5 Be5 49. d6 Qf5 50. Ra5 Kh6 51. Ra4 g5 52. Ra5 Qe6 53. Ra6 Bxd6 54.
Kg1 Qe5 55. Rxd6 Qxd6 56. Qb5 Rxa7 57. Qf5 Ra1+ 58. Qb1 Rxb1# 0-1

[Event "CGC KO 2022"]
[Site "chess.com INT"]
[Date "2022.09.14"]
[Round "1.3"]
[White "Sevian, Samuel"]
[Black "Svane, Rasmus"]
[Result "1-0"]
[WhiteTitle "GM"]
[BlackTitle "GM"]
[WhiteElo "2684"]
[BlackElo "2615"]
[WhiteFideId "2040506"]
[BlackFideId "4657101"]
[EventDate "2022.09.14"]
[EventType "k.o."]

1. d4 Nf6 2. Nf3 d5 3. c4 e6 4. Nc3 c6 5. cxd5 exd5 6. Qc2 Be7 7. Bg5 g6 8. e4
dxe4 9. Bxf6 Bxf6 10. Qxe4+ Kf8 11. Bc4 Bf5 12. Qf4 Qe7+ 13. Kf1 Kg7 14. g4 Be6
15. Bxe6 Qxe6 16. Re1 Qd7 17. Ne5 Qe6 18. Kg2 Bxe5 19. Rxe5 Qf6 20. Qxf6+ Kxf6
21. Ne4+ Kg7 22. Re7 Rd8 23. Rxb7 Rxd4 24. Nc5 Rxg4+ 25. Kf3 Rc4 26. Ne6+ Kf6
27. Nc7 Nd7 28. Nxa8 Ne5+ 29. Kg2 Rg4+ 30. Kf1 Re4 31. Rb3 Nc4 32. Kg2 1-0

[Event "CGC KO 2022"]
[Site "chess.com INT"]
[Date "2022.09.17"]
[Round "1.3"]
[White "So, Wesley"]
[Black "Lazavik, Denis"]
[Result "1-0"]
[WhiteTitle "GM"]
[BlackTitle "IM"]
[WhiteElo "2771"]
[BlackElo "2523"]
[WhiteFideId "5202213"]
[BlackFideId "13515110"]
[EventDate "2022.09.14"]
[EventType "k.o."]

1. e4 e5 2. Nf3 Nc6 3. Bc4 Bc5 4. d3 Nf6 5. O-O O-O 6. Nbd2 d6 7. c3 a6 8. a4 h6
9. Re1 Ba7 10. Nf1 Re8 11. b4 Be6 12. Bxe6 Rxe6 13. Be3 Bxe3 14. Nxe3 Qd7 15.
Qc2 Rd8 16. Rad1 Ne7 17. c4 c6 18. g3 Ng6 19. a5 Ree8 20. Nf5 Ne7 21. Ne3 Ng6
22. c5 d5 23. Nf5 Qc7 24. Rd2 Re6 25. Qb2 d4 26. Kh1 Ne7 27. Nd6 Nc8 28. Nc4 Na7
29. Nh4 g6 30. Rf1 Nh5 31. f4 exf4 32. gxf4 Nxf4 33. Nd6 Rdxd6 34. cxd6 Qxd6 35.
Qb3 Nb5 36. Rdf2 g5 37. Ng2 Nxg2 38. Kxg2 Qe7 39. Qc4 Kg7 40. Qc5 Nd6 41. Qxd4+
f6 42. Qc5 Re5 43. Qc3 Re6 44. Kh1 Nb5 45. Qc5 Qxc5 46. bxc5 Kg6 47. Kg2 Nd4 48.
Rb2 Nb5 49. Kf2 Re5 50. Ke3 Re7 51. Rbf2 Re6 52. h4 Nc3 53. Kd2 Na4 54. Rf5 g4
55. h5+ Kg7 56. Ra1 1-0

[Event "CGC KO 2022"]
[Site "chess.com INT"]
[Date "2022.09.16"]
[Round "1.3"]
[White "Svidler, Peter"]
[Black "Shirov, Alexei"]
[Result "1-0"]
[WhiteTitle "GM"]
[BlackTitle "GM"]
[WhiteElo "2683"]
[BlackElo "2673"]
[WhiteFideId "4102142"]
[BlackFideId "2209390"]
[EventDate "2022.09.14"]
[EventType "k.o."]

1. e4 g6 2. d4 Bg7 3. Nf3 d6 4. h3 c5 5. c3 Nf6 6. dxc5 O-O 7. Qc2 dxc5 8. Bf4
Nc6 9. Nbd2 Nh5 10. Bh2 f5 11. Bc4+ Kh8 12. O-O-O f4 13. Ng5 Qe8 14. Ndf3 e6 15.
e5 Na5 16. Bd3 c4 17. Be4 Nc6 18. Rhe1 Ne7 19. Rd6 Nf5 20. Bxf5 exf5 21. e6 Qe7
22. Qd2 h6 23. Nf7+ Kh7 24. Bxf4 Nf6 25. Bxh6 Ne4 26. Rxe4 fxe4 27. Bxg7 1-0

[Event "CGC KO 2022"]
[Site "chess.com INT"]
[Date "2022.09.15"]
[Round "1.3"]
[White "Topalov, Veselin"]
[Black "Sadhwani, Raunak"]
[Result "0-1"]
[WhiteTitle "GM"]
[BlackTitle "GM"]
[WhiteElo "2728"]
[BlackElo "2620"]
[WhiteFideId "2900084"]
[BlackFideId "35093487"]
[EventDate "2022.09.14"]
[EventType "k.o."]

1. c4 e5 2. d3 Nf6 3. Nf3 Nc6 4. a3 d5 5. cxd5 Nxd5 6. e3 g5 7. h3 h5 8. Nc3 Nb6
9. Nd2 Bf5 10. Qc2 a5 11. b3 Qd7 12. Nce4 Be7 13. Bb2 O-O-O 14. g3 Kb8 15. Rc1
Bg6 16. Be2 g4 17. h4 f5 18. Nc5 Bxc5 19. Qxc5 f4 20. gxf4 Bxd3 21. Bxd3 Qxd3
22. Qc3 Qd7 23. fxe5 Nxe5 24. Qxe5 Qxd2+ 25. Kf1 Rhf8 26. Rh2 g3 27. Qxg3 Qxb2
28. Rxc7 Ka7 29. Rc5 Qb1+ 30. Kg2 Qe4+ 31. Kh3 Rd5 32. Rxd5 Qxd5 33. f4 Qe6+ 0-1

[Event "CGC KO 2022"]
[Site "chess.com INT"]
[Date "2022.09.15"]
[Round "1.3"]
[White "Vachier-Lagrave, Maxime"]
[Black "Iturrizaga Bonelli, Eduardo"]
[Result "1/2-1/2"]
[WhiteTitle "GM"]
[BlackTitle "GM"]
[WhiteElo "2757"]
[BlackElo "2630"]
[WhiteFideId "623539"]
[BlackFideId "3901211"]
[EventDate "2022.09.14"]
[EventType "k.o."]

1. e4 c5 2. Nf3 e6 3. b3 a6 4. Bb2 b5 5. c4 Bb7 6. Qc2 Nc6 7. d3 d6 8. Be2 Nf6
9. O-O Be7 10. Re1 O-O 11. Nbd2 Nd7 12. d4 cxd4 13. Nxd4 Nxd4 14. Bxd4 b4 15. a3
a5 16. axb4 axb4 17. Rxa8 Bxa8 18. Ra1 Bf6 19. Qb2 Bxd4 20. Qxd4 Nc5 21. h3 Bc6
22. Bf3 e5 23. Qe3 h6 24. Bd1 Qb6 25. Bc2 Qb7 26. f3 Ra8 27. Rxa8+ Qxa8 28. Nf1
Ne6 29. Bd1 Nd4 30. Qd2 Qa3 31. Ng3 g6 32. Ne2 Nxb3 33. Qxd6 Na5 34. Qb8+ Kh7
35. Qf8 Qd3 36. Qxf7+ Kh8 37. Qf8+ Kh7 38. Qf7+ Kh8 39. Qf8+ Kh7 40. Qf7+ 1/2-1/2

[Event "CGC KO 2022"]
[Site "chess.com INT"]
[Date "2022.09.14"]
[Round "1.3"]
[White "Vallejo Pons, Francisco"]
[Black "Matlakov, Maxim"]
[Result "1/2-1/2"]
[WhiteTitle "GM"]
[BlackTitle "GM"]
[WhiteElo "2711"]
[BlackElo "2671"]
[WhiteFideId "2205530"]
[BlackFideId "4168003"]
[EventDate "2022.09.14"]
[EventType "k.o."]

1. e4 e5 2. Nf3 Nc6 3. Nc3 Nf6 4. g3 Bc5 5. Bg2 d6 6. d3 a5 7. h3 O-O 8. O-O a4
9. Kh2 h6 10. Nh4 Nd4 11. Ne2 Re8 12. Nxd4 Bxd4 13. c3 Bb6 14. f4 exf4 15. Bxf4
g5 16. Qf3 gxf4 17. Qxf4 Kg7 18. Rf3 Rf8 19. Nf5+ Bxf5 20. Qxf5 Ra5 21. Qf4 Rg5
22. Raf1 Rg6 23. d4 c5 24. e5 dxe5 25. dxe5 Nh5 26. Qe4 Bc7 1/2-1/2